Former Flags of South of Africa Countries/Territories - Statistics

General Stats
  • This quiz has been taken 46 times
  • The average score is 8 of 13
Answer Stats
Picture Answer % Correct
Lesotho
92%
Mozambique
92%
South Africa
92%
Malawi
88%
Republic of Rhodesia
76%
Swaziland (Eswatini)
76%
Comoros
68%
Orange Free State
68%
Seychelles
48%
Venda
28%
Natalia Republic
24%
Stellaland
20%
Nieuwe Republiek (New Republic)
16%
No matching quizzes found
Score Distribution
Percent of People with Each Score
Percentile by Number Answered
Your Score History
You have not taken this quiz